00729cam a2200229 a 45000010008000000030006000080050017000140080041000310100017000720200028000890400018001170500024001350820020001591000020001792450086001992600044002853000034003294400028003635040054003916500025004456500029004701633841GBCCL20241126110408.0960305s1996 ilua b 000 0 eng  a 96012604  a084235252X (alk. paper) aDLCcDLCdDLC00aBV4012.2b.M26 199600a253.52220bMCM1 aMcMinn, Mark R.10aPsychology, theology, and spirituality in Christian counseling /cMark R. McMinn. aWheaton, Ill. :bTyndale House,cc1996. axii, 315 p. :bill. ;c24 cm. 0aAACC counseling library aIncludes bibliographical references (p. 299-313). 0aPastoral counseling. 0aPsychology and religion.